| 000 | 00353nam a22001217a 4500 | ||
|---|---|---|---|
| 008 | 160311b xxu||||| |||| 00| 0 eng d | ||
| 020 | _a0195132823 | ||
| 100 | _aPhillips H. Kenneth | ||
| 245 | _aDirecting The Choral Music Program | ||
| 260 |
_aNew York _bOxford University Press _c2004 |
||
| 300 |
_axii,420p. _bill. |
||
| 942 |
_2lcc _cRES _kMT935 .P529 2004 |
||
| 999 |
_c15751 _d15751 |
||